Eastern Europe (Record no. 1235888)

MARC details
000 -LEADER
fixed length control field 00442nam a2200193Ia 4500
008 - FIXED-LENGTH DATA ELEMENTS--GENERAL INFORMATION
fixed length control field 151121s9999||||xx |||||||||||||| ||und||
082 ## - DEWEY DECIMAL CLASSIFICATION NUMBER
Classification number 940/HAN
082 ## - DEWEY DECIMAL CLASSIFICATION NUMBER
Item number HNW-51544
100 ## - MAIN ENTRY--PERSONAL NAME
Personal name Hanc Josef
245 ## - TITLE STATEMENT
Title Eastern Europe
260 ## - PUBLICATION, DISTRIBUTION, ETC. (IMPRINT)
Name of publisher, distributor, etc "Museum Press Ltd, London।"
260 ## - PUBLICATION, DISTRIBUTION, ETC. (IMPRINT)
Date of publication, distribution, etc --
300 ## - PHYSICAL DESCRIPTION
Extent 272
600 ## - SUBJECT ADDED ENTRY--PERSONAL NAME
Personal name Hanc Josef
630 ## - SUBJECT ADDED ENTRY--UNIFORM TITLE
Uniform title Eastern Europe
700 ## - ADDED ENTRY--PERSONAL NAME
Personal name Hanc Josef
730 ## - ADDED ENTRY--UNIFORM TITLE
Uniform title Eastern Europe
942 ## - ADDED ENTRY ELEMENTS (KOHA)
Koha item type Book
Holdings
Withdrawn status Lost status Damaged status Not for loan Home library Current library Date acquired Cost, normal purchase price Total Checkouts Full call number Barcode Date last seen Cost, replacement price Price effective from Koha item type
        Hirachand Nemchand Wachanalaya, Solapur Hirachand Nemchand Wachanalaya, Solapur 11/21/2015 0.00   HNW-51544 HNW-51544 11/21/2015 0.00 11/21/2015 Book